The photographer's eye : (Record no. 24672)
[ view plain ]
| 000 -LEADER | |
|---|---|
| fixed length control field | 01445cam a22003015i 4500 |
| 001 - CONTROL NUMBER | |
| control field | 18763062 |
| 003 - CONTROL NUMBER IDENTIFIER | |
| control field | EG-ScBUE |
| 005 - DATE AND TIME OF LATEST TRANSACTION | |
| control field | 20230220035928.0 |
| 008 - FIXED-LENGTH DATA ELEMENTS--GENERAL INFORMATION | |
| fixed length control field | 150827s2013 nyua f 001 0 eng d |
| 020 ## - INTERNATIONAL STANDARD BOOK NUMBER | |
| International Standard Book Number | 9780240824260 |
| 040 ## - CATALOGING SOURCE | |
| Original cataloging agency | YDXCP |
| Language of cataloging | eng |
| Description conventions | rda |
| Transcribing agency | YDXCP |
| Modifying agency | BTCTA |
| -- | PX0 |
| -- | OCLCF |
| -- | XBM |
| -- | OCLCA |
| -- | OCLCQ |
| -- | OCLCO |
| -- | OCLCQ |
| -- | SZR |
| -- | OCLCQ |
| -- | CDX |
| -- | BDX |
| -- | TOH |
| -- | DLC |
| -- | EG-ScBUE |
| 082 04 - DEWEY DECIMAL CLASSIFICATION NUMBER | |
| Edition number | 22 |
| Classification number | 775 |
| Item number | FRE |
| 100 1# - MAIN ENTRY--PERSONAL NAME | |
| Personal name | Freeman, Michael, |
| Dates associated with a name | 1945- |
| Relator term | author. |
| 9 (RLIN) | 38165 |
| 245 14 - TITLE STATEMENT | |
| Title | The photographer's eye : |
| Remainder of title | a graphic guide : instantly understand composition & design for better digital photos / |
| Statement of responsibility, etc | Michael Freeman. |
| 264 #1 - PUBLICATION, DISTRIBUTION, ETC. (IMPRINT) | |
| Place of publication, distribution, etc | New York ; |
| -- | London : |
| Name of publisher, distributor, etc | Focal Press / Taylor & Francis Group, |
| Date of publication, distribution, etc | 2013. |
| 300 ## - PHYSICAL DESCRIPTION | |
| Extent | 192 pages : |
| Other physical details | illustrations ; |
| Dimensions | 26 cm |
| 336 ## - CONTENT TYPE | |
| Source | rdacontent |
| Content type term | text |
| Content type code | txt |
| 337 ## - MEDIA TYPE | |
| Source | rdamedia |
| Media type term | unmediated |
| Media type code | n |
| 338 ## - CARRIER TYPE | |
| Source | rdacarrier |
| Carrier type term | volume |
| Carrier type code | nc |
| 500 ## - GENERAL NOTE | |
| General note | Includes index.<br/> |
| 505 0# - FORMATTED CONTENTS NOTE | |
| Formatted contents note | Framing -- Placing -- Dividing -- Graphics -- Viewpoint -- Optics -- Motion -- Color -- Justaposing -- Combining. |
| 650 #7 - SUBJECT ADDED ENTRY--TOPICAL TERM | |
| Topical term or geographic name as entry element | Photography |
| General subdivision | Digital techniques. |
| Source of heading or term | BUEsh |
| 9 (RLIN) | 37027 |
| 650 #7 - SUBJECT ADDED ENTRY--TOPICAL TERM | |
| Topical term or geographic name as entry element | Composition (Photography) |
| Source of heading or term | BUEsh |
| 653 ## - INDEX TERM--UNCONTROLLED | |
| Resource For college | Communication and mass media |
| Arrived date list | April2017 |
| 655 ## - INDEX TERM--GENRE/FORM | |
| Form subdivision | Reading book |
| 775 08 - OTHER EDITION ENTRY | |
| Display text | Reproduction of (manifestation): |
| Main entry heading | Freeman, Michael, 1945-, |
| Title | Photographer's eye : a graphic guide : instantly understand composition and design for better photography. |
| Place, publisher, and date of publication | Lewes : Ilex, 2013 |
| International Standard Book Number | 9781908150912 |
| Record control number | (OCoLC)859168302 |
| -- | (OCoLC)855705874 |
| 942 ## - ADDED ENTRY ELEMENTS (KOHA) | |
| Source of classification or shelving scheme | Dewey Decimal Classification |
| Koha item type | Book - Borrowing |
| Withdrawn status | Lost status | Source of classification or shelving scheme | Damaged status | Not for loan | Collection code | Home library | Current library | Shelving location | Date acquired | Source of acquisition | Cost, normal purchase price | Total Checkouts | Full call number | Barcode | Date last seen | Cost, replacement price | Koha item type | Total Renewals | Date checked out |
|---|---|---|---|---|---|---|---|---|---|---|---|---|---|---|---|---|---|---|---|
| Dewey Decimal Classification | Baccah | Central Library | Central Library | First floor | 18/04/2017 | Purchase | 920.00 | 775 FRE | 000041656 | 15/07/2025 | 1150.00 | Book - Borrowing | |||||||
| Dewey Decimal Classification | Baccah | Central Library | Central Library | First floor | 18/04/2017 | Purchase | 920.00 | 3 | 775 FRE | 000041657 | 15/07/2025 | 1150.00 | Book - Borrowing | 1 | 09/10/2022 | ||||
| Dewey Decimal Classification | Baccah | Central Library | Central Library | First floor | 18/04/2017 | Purchase | 920.00 | 775 FRE | 000041658 | 15/07/2025 | 1150.00 | Book - Borrowing |